Conducting case study research : For business and management students

In Case Study Research, Bill Lee and Mark Saunders describe the properties of case study designs in organizational research, exploring the uses, advantages and limitations of case research. They also demonstrate the flexibility that case designs offer, and challenges the myths surrounding this appro...

Cur síos iomlán

Đã lưu trong:
Sonraí Bibleagrafaíochta
Príomhúdar: Lee, Bill
Formáid: Leabhar
Teanga:Undetermined
Foilsithe: London Sage Publication Ltd 2017
Ábhair:
Clibeanna: Cuir Clib Leis
Gan Chlibeanna, Bí ar an gcéad duine leis an taifead seo a chlibeáil!
Thư viện lưu trữ: Trung tâm Học liệu Trường Đại học Cần Thơ
LEADER 01142nam a2200229Ia 4500
001 CTU_226881
008 210402s9999 xx 000 0 und d
020 |c 1100000 
082 |a 808.06665 
082 |b L477 
100 |a Lee, Bill 
245 0 |a Conducting case study research : 
245 0 |b For business and management students 
245 0 |c Bill Lee, Mark N. K. Saunders 
260 |a London 
260 |b Sage Publication Ltd 
260 |c 2017 
520 |a In Case Study Research, Bill Lee and Mark Saunders describe the properties of case study designs in organizational research, exploring the uses, advantages and limitations of case research. They also demonstrate the flexibility that case designs offer, and challenges the myths surrounding this approach. Ideal for Business and Management students reading for a Master’s degree, each book in the series may also serve as reference books for doctoral students and faculty members interested in the method. 
650 |a Business writing,Bài luận trong kinh doanh 
904 |i Nhi 
910 |b dqhieu 
980 |a Trung tâm Học liệu Trường Đại học Cần Thơ